LIBRARY ONLINE CATALOGUE

Keep in step with the spirit : (Record no. 7604)

MARC details
000 -LEADER
fixed length control field 00607cam a22001932 4500
001 - CONTROL NUMBER
control field 0000008496
005 - DATE AND TIME OF LATEST TRANSACTION
control field 20151217152034.0
008 - FIXED-LENGTH DATA ELEMENTS--GENERAL INFORMATION
fixed length control field 080416s xx 000 0 eng d
020 ## - INTERNATIONAL STANDARD BOOK NUMBER
International Standard Book Number 0844741052 :
Terms of availability KES880
040 ## - CATALOGING SOURCE
Original cataloging agency KABU
Transcribing agency KABU
100 1# - MAIN ENTRY--PERSONAL NAME
Personal name Packer, J. I.
-- 0000159104
245 10 - TITLE STATEMENT
Title Keep in step with the spirit :
Remainder of title finding fullness in our walk with God /
Statement of responsibility, etc. J. I. Packer.
260 ## - PUBLICATION, DISTRIBUTION, ETC. (IMPRINT)
Place of publication, distribution, etc. Leicester, England :
Name of publisher, distributor, etc. IVP,
Date of publication, distribution, etc. 2005.
300 ## - PHYSICAL DESCRIPTION
Extent 248 p.
650 #0 - SUBJECT ADDED ENTRY--TOPICAL TERM
Topical term or geographic name as entry element Christian life
General subdivision Anglican authors.
-- 0000159105
908 ## - PUT COMMAND PARAMETER (RLIN)
Put command parameter 080416
950 ## - LOCAL HOLDINGS (RLIN)
-- 1
Holdings
Withdrawn status Lost status Source of classification or shelving scheme Not for loan Home library Current library Date acquired Total Checkouts Full call number Barcode Date last seen Date last checked out Price effective from Koha item type Cost, normal purchase price
    Library of Congress Classification   Kabarak, Main Campus Kabarak, Main Campus 17/12/2015 1 BT121.3 .P33 2005 005956 02/08/2024 14/07/2023 17/12/2015 General Collection  
    Library of Congress Classification   Kabarak, Main Campus Kabarak, Main Campus 17/12/2015 1 BT121.3 .P33 2005 c.2 031793 23/08/2024 08/08/2024 17/12/2015 General Collection 1050.00